Women's movements and new public management: higher education in Sweden and England (Record no. 74674)

000 -LEADER
fixed length control field 00536pab a2200193 454500
008 - FIXED-LENGTH DATA ELEMENTS--GENERAL INFORMATION
fixed length control field 180718b2007 xxu||||| |||| 00| 0 eng d
100 ## - MAIN ENTRY--PERSONAL NAME
Personal name Barry, Jim
245 ## - TITLE STATEMENT
Title Women's movements and new public management: higher education in Sweden and England
260 ## - PUBLICATION, DISTRIBUTION, ETC.
Date of publication, distribution, etc. 2007
300 ## - PHYSICAL DESCRIPTION
Extent p.103-22.
650 ## - SUBJECT ADDED ENTRY--TOPICAL TERM
Topical term or geographic name entry element Higher education
650 ## - SUBJECT ADDED ENTRY--TOPICAL TERM
Topical term or geographic name entry element Public administration
650 ## - SUBJECT ADDED ENTRY--TOPICAL TERM
Topical term or geographic name entry element Womens liberation movement
700 ## - ADDED ENTRY--PERSONAL NAME
Personal name Berg, Elisabeth
700 ## - ADDED ENTRY--PERSONAL NAME
Personal name Chandler, John
773 ## - HOST ITEM ENTRY
Main entry heading Public Administration
908 ## - PUT COMMAND PARAMETER (RLIN)
Put command parameter N
909 ## -
-- 74674
Holdings
Withdrawn status Lost status Damaged status Not for loan Permanent Location Current Location Date acquired Serial Enumeration / chronology Barcode Date last seen Price effective from Koha item type
        Indian Institute of Public Administration Indian Institute of Public Administration 2018-07-19 Volume no: 85, Issue no: 1 AR75134 2018-07-19 2018-07-19 Articles

Powered by Koha